| 000 | 00654nam a2200205Ia 4500 | ||
|---|---|---|---|
| 003 | IN-BaIIA | ||
| 008 | 211028s9999 xx 000 0 eng d | ||
| 020 | _a981-02-1243-7 | ||
| 040 | _cIIA Library | ||
| 080 |
_a539.1 _bCOH |
||
| 100 |
_aCohen-Tannoudji, C. _920290 |
||
| 245 | 0 |
_aAtoms in electromagnetic fields _cC. Cohen-Tannoudji |
|
| 260 |
_aSingapore _bWorld Scientific _c1994 |
||
| 300 | _axiv, 670p. | ||
| 490 | _aWorld scientific series on atomic, molecular and optical phy | ||
| 650 |
_aAtomic physics _91547 |
||
| 650 |
_aAtoms _91137 |
||
| 650 |
_aElectromagnetic fields _92908 |
||
| 942 | _cBK | ||
| 999 |
_c12839 _d12839 |
||